Churchill’s Reflection Discourse

Štúdia prezentuje výsledky kognitívnej analýzy historických diel a memoárov Winstona Churchilla na textovej, jazykovej a konceptuálnej úrovni s cieľom interpretovať implikatúry Churchillovho reflexívneho diskurzu. Rozsahom súčasného výskumu sú historické diela a memoáre Winstona Churchilla jeden z n...

Full description

Saved in:
Bibliographic Details
Main Author: Bazylevych, Nataliia
Other Authors: Nikonova, Vira
Format: Book Chapter
Language:English
Subjects:
Tags: Add Tag
No Tags, Be the first to tag this record!

MARC

LEADER 00000naa a2200000 4500
001 0281861
005 20221019133414.1
041 0 |a eng 
044 |a PL 
245 1 0 |a Churchill’s Reflection Discourse  |c Nataliia Bazylevych, Vira Nikonova 
520 |a Štúdia prezentuje výsledky kognitívnej analýzy historických diel a memoárov Winstona Churchilla na textovej, jazykovej a konceptuálnej úrovni s cieľom interpretovať implikatúry Churchillovho reflexívneho diskurzu. Rozsahom súčasného výskumu sú historické diela a memoáre Winstona Churchilla jeden z najplodnejších typov literárnych textov s ohľadom na realizáciu reflexie, ktorá sa organicky prelína do jeho textov. 
610 2 0 |a história 
610 2 0 |a literatúra 
610 2 0 |a jazyky cudzie 
610 2 0 |a angličtina 
100 1 |a Bazylevych, Nataliia 
700 1 |a Nikonova, Vira